[Event "Match"]
[Site "www.echecsemail.com"]
[Date "2015.11.28"]
[Round "1"]
[White "Santifx"]
[Black "Rocio"]
[WhiteElo "1799"]
[BlackElo "1979"]
[Result "1-0"]
[Round "1"]
1.e4 e5
2.Ng1f3 Nb8c6
3.Bf1b5 d6
4.d4 exd4
5.O-O Bc8d7
6.Bb5xc6 Bd7xc6
7.Rf1e1 Bf8e7
8.Qd1xd4 Ng8f6
9.e5 dxe5
10.Qd4xe5 O-O
11.Qe5xe7 Rf8e8
12.Qe7xd8 Ra8xd8
13.Re1xe8 Rd8xe8
14.Bc1e3 Nf6g4
15.Nb1c3 Ng4xe3
16.fxe3 Re8xe3
17.Ra1d1 Kf8
18.Rd1d8 Ke7
19.Rd8d5 Ke6
20.Nf3d4 Kf6
21.Rd5f5 Kg6
22.Rf5c5 f6
23.Nd4xc6 bxc6
24.Rc5xc6 { resign }
1-0

[Event "Match"]
[Site "www.echecsemail.com"]
[Date "2015.11.28"]
[Round "1"]
[White "Gimmyg"]
[Black "Kcriss"]
[WhiteElo "2450"]
[BlackElo "1840"]
[Result "1-0"]
[Round "1"]
1.b3 e5
2.Bc1b2 Nb8c6
3.e3 Bf8b4
4.Ng1f3 d6
5.Bf1b5 Ng8e7
6.O-O Bc8g4
7.h3 a6
8.Bb5xc6 Ne7xc6
9.hxg4 g5
10.a3 Bb4a5
11.d4 f6
12.b4 Ba5b6
13.Nb1c3 Qd8e7
14.d5 Nc6a7
15.Nc3e4 O-O-O
16.Ne4g3 Kb8
17.c4 Na7c8
18.a4 Qe7d7
19.Nf3d2  { time }
1-0

[Event "1/128 Finale"]
[Site "www.chess-mail.com"]
[Date "2015.11.28"]
[Round "1"]
[White "Naujzaid"]
[Black "Lino"]
[WhiteElo "1900"]
[BlackElo "2139"]
[Result "0-1"]
[Round "1"]
1.d4 f5
2.e4 fxe4
3.Nb1c3 Ng8f6
4.Bc1g5 Nb8c6
5.d5 Nc6e5
6.Qd1d4 Ne5f7
7.Bg5xf6 exf6
8.Nc3xe4 f5
9.Ne4g3 g6
10.O-O-O Bf8h6
11.f4 O-O
12.h4 c5
13.Qd4d2 Qd8c7
14.Ng1h3 d6
15.Nh3g5 Nf7xg5
16.hxg5 Bh6g7
17.Bf1d3 c4
18.Bd3e2 c3
{ resign }
0-1

[Event "Eq:Clubul Central de Sah-Slap Shot Mates : "]
[Site "www.chess-mail.com"]
[Date "2015.11.28"]
[Round "1"]
[White "Hwj"]
[Black "Dorulristea"]
[WhiteElo "2780"]
[BlackElo "2780"]
[Result "1-0"]
[Round "1"]
1.e4 c5
2.Ng1f3 d6
3.d4 cxd4
4.Nf3xd4 Ng8f6
5.Nb1c3 a6
6.Bc1e3 e5
7.Nd4b3 Bf8e7
8.f3 Bc8e6
9.Qd1d2 O-O
10.O-O-O Nb8d7
11.g4 b5
12.Rh1g1 Nd7b6
13.g5 Nf6h5
14.Nc3d5 Nb6xd5
15.exd5 Be6f5
16.Nb3a5 f6
17.gxf6 Be7xf6
18.Na5c6 Qd8c7
19.Kb1 g6
20.Bf1d3 Bf5xd3
21.Qd2xd3 Qc7d7
22.Rg1f1 Bf6g7
23.Be3g5 Rf8f7
24.Qd3a3 Bg7f6
25.Bg5e3 Bf6d8
26.Qa3b4 Nh5f4
27.a4 Kg7
28.Qb4b3 Bd8g5
29.axb5 axb5
30.Qb3xb5 Qd7h3
31.Nc6a5 Qh3c8
32.Qb5c4 Rf7c7
33.Na5c6 h6
34.Be3xf4 Bg5xf4
35.h4 Rc7a7
36.b4 h5
37.Kb2 g5
38.Nc6a5 Qc8d7
39.Qc4c6 Qd7d8
40.Kb3 Kh8
41.c3 gxh4
42.Rf1h1 Ra7a6
43.Qc6a4 Qd8b6
44.Qa4c6 Qb6a7
45.Qc6c4 Ra6xa5
46.bxa5 Qa7xa5
47.Kc2 Qa5a7
48.Rd1e1 Bf4g3
49.Re1e2 Ra8f8
50.Rh1b1 h3
51.Rb1h1 Qa7d7
52.Qc4e4 Rf8g8
53.Qe4b4  { time }
1-0

[Event "Eq:chibcha-Team USA : "]
[Site "www.chess-mail.com"]
[Date "2015.11.28"]
[Round "1"]
[White "Olddog55"]
[Black "Carazo"]
[WhiteElo "1660"]
[BlackElo "1950"]
[Result "0-1"]
[Round "1"]
1.d4 d5
2.Ng1f3 Ng8f6
3.e3 Bc8g4
4.Bf1e2 g6
5.O-O Bg4xf3
6.Be2xf3 Bf8g7
7.Nb1d2 O-O
8.b3 Nb8c6
9.Bc1a3 a5
10.c4 Rf8e8
11.cxd5 Nf6xd5
12.Nd2c4 b5
13.Bf3xd5 Qd8xd5
14.f4 bxc4
15.bxc4 Qd5xc4
16.d5 Re8d8
17.Rf1f2 Bg7xa1
18.Qd1xa1 Rd8xd5
{ resign }
0-1

[Event "Fast Game"]
[Site "www.echecsemail.com"]
[Date "2015.11.28"]
[Round "1"]
[White "Piekki"]
[Black "Skarr"]
[WhiteElo "1400"]
[BlackElo "1599"]
[Result "0-1"]
[Round "1"]
1.e4 e6
2.d4 d5
3.Nb1c3 Ng8f6
4.e5 Nf6d7
5.Nc3e2 c5
6.c3 cxd4
7.cxd4 f6
8.f4 fxe5
9.fxe5 Bf8b4
10.Bc1d2 Qd8h4
11.g3 Bb4xd2
12.Qd1xd2 Qh4e4
{ resign }
0-1

[Event "Tourn. n8455"]
[Site "www.chess-mail.com"]
[Date "2015.11.29"]
[Round "1"]
[White "Nikas"]
[Black "Jjmcbride"]
[WhiteElo "1499"]
[BlackElo "1690"]
[Result "1-0"]
[Round "1"]
1.e4 e5
2.Ng1f3 d6
3.Nb1c3 c6
4.d4 b5
5.dxe5 h6
6.exd6 Bf8xd6
7.e5 Qd8e7
8.Qd1xd6 Bc8e6
9.Bf1e2 Qe7d7
10.Nc3e4 Qd7e7
11.O-O f6
12.exf6 gxf6
13.b3 Rh8h7
14.Be2d3 Rh7g7
15.Bc1b2 Be6h3
16.Qd6xe7 Ng8xe7
17.Ne4g3 Bh3g4
18.Bb2xf6  { time }
1-0

[Event "Tourn. n8463"]
[Site "www.chess-mail.com"]
[Date "2015.11.29"]
[Round "1"]
[White "Huw"]
[Black "Masteratches"]
[WhiteElo "2100"]
[BlackElo "1949"]
[Result "0-1"]
[Round "1"]
1.d4 d5
2.c4 c6
3.Ng1f3 Ng8f6
4.Nb1c3 e6
5.e3 Nb8d7
6.Qd1c2 b6
7.Bf1d3 Bc8b7
8.O-O Bf8d6
9.e4 dxe4
10.Nc3xe4 Nf6xe4
11.Bd3xe4 Qd8c7
12.Rf1e1 h6
13.Bc1d2 a5
14.a3 O-O
15.Ra1c1 Rf8d8
16.Bd2c3 Nd7f6
17.Be4d3 Bd6f4
18.Rc1d1 c5
19.dxc5 Bb7xf3
20.cxb6 Qc7xb6
21.gxf3 Qb6c5
22.Bc3xf6 gxf6
23.Re1e4 Qc5g5
24.Kh1 Qg5h4
25.Rd1g1 Kf8
26.Rg1g2 f5
27.Re4e1 Qh4h5
28.Bd3e2 Ke7
29.c5 Rd8g8
30.Qc2c4 Qh5h3
31.Be2f1 Qh3h4
32.Bf1d3 Rg8g5
33.c6 Ra8g8
34.Qc4c5 Bf4d6
35.Rg2xg5 Qh4xh2

0-1

[Event "Tourn. n8461"]
[Site "www.chess-mail.com"]
[Date "2015.11.29"]
[Round "1"]
[White "Iko"]
[Black "Raven16"]
[WhiteElo "1710"]
[BlackElo "1689"]
[Result "0-1"]
[Round "1"]
1.e4 e5
2.Ng1f3 Nb8c6
3.Bf1b5 a6
4.Bb5xc6 dxc6
5.Nf3xe5 Qd8d4
6.Ne5g4 Qd4xe4
7.Qd1e2 Qe4xe2
8.Kxe2 Bc8xg4
9.f3 Bg4f5
10.g4 Bf5xc2
11.Nb1a3 Bc2g6
12.h4 O-O-O
13.h5 Bg6d3
14.Ke3 Bf8c5
15.Kf4 Ng8f6
16.Rh1e1 Rh8e8
17.Re1xe8 Rd8xe8
18.g5 Nf6xh5
19.Kg4 g6
20.Na3b1 Re8e1
21.Nb1c3 Re1g1
22.Kh4 Bc5f2
23.Kh3 Bd3f1
24.Kh2 Rg1g2
25.Kh1 Nh5g3

0-1

[Event "Tourn. n8485"]
[Site "www.chess-mail.com"]
[Date "2015.11.29"]
[Round "1"]
[White "Gimmyg"]
[Black "Masteratches"]
[WhiteElo "2440"]
[BlackElo "2300"]
[Result "1/2-1/2"]
[Round "1"]
1.g3 d5
2.Ng1f3 c6
3.d3 Bc8g4
4.Nb1d2 Nb8d7
5.h3 Bg4h5
6.Bf1g2 e6
7.c4 Bf8d6
8.Qd1c2 Ng8f6
9.O-O O-O
10.b3 Qd8c7
11.Bc1b2 Rf8e8
12.Rf1e1 Ra8d8
13.a3 c5
14.e3 Qc7b8
15.Ra1c1 b6
16.cxd5 Nf6xd5
17.d4 Rd8c8
18.dxc5 Bd6xc5
19.Qc2d3 a5
20.Qd3b5 Re8d8
21.g4 Bh5g6
22.Nf3h4 Nd5c7
23.Qb5e2 Bc5e7
24.Nh4xg6 hxg6
25.Nd2f3 Nd7c5
26.Nf3d4 Nc7d5
27.Re1d1 Be7f6
28.Qe2b5 Nd5c7
29.Qb5c4 Nc7d5
{ draw }
1/2-1/2

[Event "Tourn. n8468"]
[Site "www.chess-mail.com"]
[Date "2015.11.29"]
[Round "1"]
[White "Bojan"]
[Black "Expert"]
[WhiteElo "2040"]
[BlackElo "1840"]
[Result "0-1"]
[Round "1"]
1.e4 c5
2.Ng1f3 d6
3.e5 Nb8c6
4.exd6 exd6
5.Bf1b5 Bf8e7
6.Bb5xc6 bxc6
7.d3 Ng8f6
8.O-O O-O
9.Rf1e1 Rf8e8
10.Nb1c3 Bc8g4
11.Re1e3 Nf6d5
12.Re3e4 Bg4f5
13.Re4e2 Nd5xc3
14.Qd1d2 Nc3xe2
15.Qd2xe2 Be7f6
16.Qe2f1 Ra8b8
17.Ra1b1 d5
18.c3 c4
19.Nf3e1 Bf6xc3
20.b3 Re8xe1
{ resign }
0-1

[Event "Tourn. n8443"]
[Site "www.chess-mail.com"]
[Date "2015.11.29"]
[Round "1"]
[White "Jjmcbride"]
[Black "Dulap"]
[WhiteElo "1710"]
[BlackElo "1639"]
[Result "0-1"]
[Round "1"]
1.e4 e5
2.Ng1f3 Nb8c6
3.d4 exd4
4.Nf3xd4 Bf8c5
5.c3 d6
6.b4 Bc5xd4
7.cxd4 Bc8d7
8.a3 Ng8f6
9.f3 O-O
10.Bf1d3 Nc6xd4
11.Bc1b2 Nd4c6
12.O-O Rf8e8
13.b5 Nc6e5
14.Bb2xe5 Re8xe5
15.f4 Re5e8
16.Nb1c3 c6
17.Qd1c2 h6
18.h3 cxb5
19.Ra1e1 Ra8c8
20.e5 dxe5
 { time }
0-1

[Event "Tourn. n8450"]
[Site "www.chess-mail.com"]
[Date "2015.11.29"]
[Round "1"]
[White "Tartan"]
[Black "Cathar"]
[WhiteElo "2420"]
[BlackElo "2270"]
[Result "1-0"]
[Round "1"]
1.d4 Ng8f6
2.c4 e6
3.Nb1c3 Bf8b4
4.Bc1g5 c5
5.d5 h6
6.Bg5h4 d6
7.e3 exd5
8.cxd5 Nb8d7
9.Bf1d3 Qd8a5
10.Ng1e2 Nf6xd5
11.O-O Bb4xc3
12.Ne2xc3 Nd5xc3
13.bxc3 O-O
14.Bd3c2 Qa5xc3
15.Ra1c1 Qc3b4
16.Bh4e7 Rf8e8
17.Qd1d3 g6
18.Qd3xd6 Qb4b6
19.Bc2b3 Qb6xd6
20.Be7xd6 a5
21.Bb3a4 Ra8a6
22.Bd6xc5 Re8e4
23.Ba4b5 Ra6e6
24.Rf1d1 { resign }
1-0

[Event "Tourn. n8443"]
[Site "www.chess-mail.com"]
[Date "2015.11.29"]
[Round "1"]
[White "Neo"]
[Black "Jjmcbride"]
[WhiteElo "1810"]
[BlackElo "1710"]
[Result "1-0"]
[Round "1"]
1.d4 d5
2.e3 a5
3.a3 b6
4.h3 Nb8a6
5.Bf1b5 Bc8d7
6.Bb5xd7 Qd8xd7
7.Ng1f3 f6
8.O-O g5
9.Nf3d2 O-O-O
10.Nd2f3 c5
11.dxc5 Na6xc5
12.Nf3d4 e5
13.Nd4b3 h5
14.Nb3xc5 Bf8xc5
15.c3 Bc5d6
16.Qd1xd5 Kb8
17.b4 a4
18.Rf1d1 Ng8e7
19.Qd5a2 h4
20.c4  { time }
1-0

[Event "Tourn. n8492"]
[Site "www.chess-mail.com"]
[Date "2015.11.29"]
[Round "1"]
[White "Cathar"]
[Black "Yangqi"]
[WhiteElo "2360"]
[BlackElo "2590"]
[Result "0-1"]
[Round "1"]
1.d4 d5
2.c4 Bc8f5
3.cxd5 Bf5xb1
4.Ra1xb1 Qd8xd5
5.Ng1f3 e5
6.Nf3xe5 Bf8b4
7.Bc1d2 Qd5xd4
8.Bd2xb4 Qd4xb4
9.Qd1d2 Qb4xd2
10.Kxd2 Ng8f6
11.f3 O-O
12.e4 Rf8e8
13.Ne5c4 Nb8c6
14.Bf1e2 Ra8d8
15.Kc3 b5
16.Nc4e3 b4
17.Kc4 Rd8d2
18.Rh1e1 Re8b8
19.Be2d1 Nc6a5
20.Kc5 Nf6d7
{ resign }
0-1

[Event "Tourn. n8492"]
[Site "www.chess-mail.com"]
[Date "2015.11.29"]
[Round "1"]
[White "Faerieking"]
[Black "Cathar"]
[WhiteElo "2270"]
[BlackElo "2360"]
[Result "1-0"]
[Round "1"]
1.e4 e5
2.d4 exd4
3.c3 dxc3
4.Bf1c4 cxb2
5.Bc1xb2 Nb8c6
6.Ng1e2 Ng8f6
7.O-O d6
8.Qd1b3 Qd8e7
9.Nb1c3 Nc6e5
10.Nc3d5 Nf6xd5
11.exd5 Kd8
12.f4 Ne5xc4
13.Qb3xc4 f6
14.Ne2d4 a6
15.Rf1e1 Qe7f7
16.Re1e6 Bc8d7
17.Ra1e1 { resign }
1-0

[Event "Tourn. n8443"]
[Site "www.chess-mail.com"]
[Date "2015.11.29"]
[Round "1"]
[White "Naujzaid"]
[Black "Jjmcbride"]
[WhiteElo "1900"]
[BlackElo "1710"]
[Result "1-0"]
[Round "1"]
1.d4 d5
2.c4 c5
3.cxd5 Qd8xd5
4.Ng1f3 Ng8h6
5.Nb1c3 Qd5f5
6.e4 Qf5d7
7.Bf1b5 Nb8c6
8.d5 Ra8b8
9.O-O Qd7d6
10.dxc6 bxc6
11.Qd1xd6 exd6
12.Bb5xc6 Kd8
13.Nc3d5 Bc8b7
14.Bc6xb7 Rb8xb7
15.Nf3d2 Bf8e7
16.Nd2c4 Kd7
17.Bc1xh6  { time }
1-0

[Event "Tourn. n8394"]
[Site "www.chess-mail.com"]
[Date "2015.11.29"]
[Round "1"]
[White "Daquata"]
[Black "Pipas"]
[WhiteElo "1770"]
[BlackElo "1680"]
[Result "0-1"]
[Round "1"]
1.e4 e5
2.Ng1f3 Bf8d6
3.Nb1c3 Nb8c6
4.Bf1c4 Ng8h6
5.d3 Nh6g4
6.Bc4xf7 Kxf7
7.Nf3g5 Ke8
8.Qd1xg4 Bd6b4
9.Qg4f5 Qd8f6
10.Qf5xf6 gxf6
11.Ng5f3 d6
12.Bc1d2 Bc8g4
13.O-O-O Bg4xf3
14.gxf3 Nc6d4
15.f4 Bb4xc3
16.bxc3 Nd4b5
17.fxe5 fxe5
18.Rh1g1 O-O-O
19.a4 Nb5a3
20.Kb2 Na3xc2
21.Kxc2 d5
22.Bd2g5 Rd8d6
23.f4 exf4
24.Bg5xf4 Rd6d7
 { time }
0-1

[Event "Tourn. n8471"]
[Site "www.chess-mail.com"]
[Date "2015.11.29"]
[Round "1"]
[White "Woadman62"]
[Black "Jpmartinez"]
[WhiteElo "2640"]
[BlackElo "2460"]
[Result "1/2-1/2"]
[Round "1"]
1.Ng1f3 c5
2.g3 g6
3.Bf1g2 Bf8g7
4.O-O Nb8c6
5.d3 d5
6.c4 Ng8f6
7.Nb1c3 O-O
8.Bc1f4 d4
9.Nc3a4 Nf6h5
10.Bf4d2 Qd8d6
11.Ra1b1 Ra8b8
12.a3 { draw }
1/2-1/2

[Event "Tourn. n8458"]
[Site "www.chess-mail.com"]
[Date "2015.11.29"]
[Round "1"]
[White "Pablincho"]
[Black "Vitoriccardo"]
[WhiteElo "1880"]
[BlackElo "1850"]
[Result "1-0"]
[Round "1"]
1.e4 d6
2.d4 Ng8f6
3.Bf1d3 e5
4.d5 Nb8d7
5.Ng1e2 Nd7c5
6.O-O Bc8d7
7.Bc1g5 Bf8e7
8.f4 Nf6h5
9.Bg5xe7 Qd8xe7
10.f5 O-O-O
11.Nb1c3 g6
12.Ne2c1 Nh5f4
13.b4 Nc5xd3
14.Nc1xd3 gxf5
15.Nd3xf4 exf4
16.Rf1xf4 Qe7g5
17.Qd1f3 Rh8g8
18.Ra1f1 Rg8g7
19.h4 Qg5g3
20.Nc3e2 fxe4
21.Qf3xg3 Rg7xg3
22.Ne2xg3 e3
23.Rf4e4 Rd8g8
24.Rf1f3 f5
25.Ng3xf5 Kd8
26.Nf5xe3 c6
27.c4 b5
28.Kh2 bxc4
29.Re4xc4 cxd5
30.Ne3xd5 Bd7e6
31.Rc4d4 { resign }
1-0

[Event "Match"]
[Site "www.echecsemail.com"]
[Date "2015.11.29"]
[Round "1"]
[White "Krystek23"]
[Black "Genius7"]
[WhiteElo "2400"]
[BlackElo "1730"]
[Result "0-1"]
[Round "1"]
1.Ng1f3 c5
2.c4 Nb8c6
3.Nb1c3 e6
4.e3 d5
5.d4 Ng8f6
6.b3 cxd4
7.exd4 Bf8b4
8.Bc1d2 O-O
9.Bf1d3 dxc4
10.Bd3xc4 a6
11.O-O b5
12.Bc4e2 Bc8b7
13.Ra1c1 Nc6xd4
14.Nf3xd4 Qd8xd4
15.Bd2e3 Qd4xd1
16.Rf1xd1 Bb4xc3
17.Rc1xc3 Nf6d5
18.Rc3c1 Nd5xe3
19.fxe3 Bb7d5
20.Rc1c7 Rf8c8
21.Rd1c1 Rc8xc7
22.Rc1xc7 g6
 { time }
0-1

[Event "Match"]
[Site "www.echecsemail.com"]
[Date "2015.11.29"]
[Round "1"]
[White "Genius7"]
[Black "Culiflori"]
[WhiteElo "1730"]
[BlackElo "2140"]
[Result "1-0"]
[Round "1"]
1.Ng1f3 d5
2.c4 e6
3.cxd5 Qd8xd5
4.Nb1c3 Qd5d8
5.d4 Ng8f6
6.e4 Bf8b4
7.Bf1d3 Nb8c6
8.Bc1e3 O-O
9.O-O Bc8d7
10.Qd1c2 h6
11.Ra1c1 Ra8c8
12.a3 Bb4xc3
13.Qc2xc3 Qd8e7
14.b4 a6
15.h3 Rf8e8
16.Rf1d1 Re8d8
17.Qc3b3 Qe7e8
18.Qb3b2 Qe8e7
19.Rc1c2 Bd7e8
20.Nf3d2 b5
21.Rd1c1 Nc6b8
22.Nd2b3 c6
23.Nb3c5  { time }
1-0

[Event "Match"]
[Site "www.echecsemail.com"]
[Date "2015.11.29"]
[Round "1"]
[White "Bluetealeaf"]
[Black "Dulap"]
[WhiteElo "1790"]
[BlackElo "999"]
[Result "1-0"]
[Round "1"]
1.e4 e5
2.Ng1f3 Nb8c6
3.c3 Ng8f6
4.Qd1e2 d6
5.d3 Bc8g4
6.h3 Bg4h5
7.g4 Bh5g6
8.Bc1e3 Bf8e7
9.h4 h6
10.h5 Bg6h7
11.g5 hxg5
12.Nf3xg5 O-O
13.h6 g6
14.Ng5xh7 Nf6xh7
15.Rh1g1 Nh7g5
16.Nb1d2 Kh7
17.Rg1h1 d5
18.Bf1g2 d4
19.cxd4 exd4
20.Be3f4 Be7d6
21.Qe2g4 Bd6xf4
22.Qg4xf4 Nc6b4
23.Kf1 Nb4xd3
24.Qf4g3 Nd3c5
25.Qg3e5 b6
26.Qe5g7 { resign }
1-0

[Event "Match"]
[Site "www.echecsemail.com"]
[Date "2015.11.29"]
[Round "1"]
[White "Germancho95"]
[Black "Hurtadofredy"]
[WhiteElo "1530"]
[BlackElo "1600"]
[Result "0-1"]
[Round "1"]
1.e4 h5
2.Ng1f3 e6
3.Bf1b5 a6
4.Bb5a4 b5
5.Ba4b3 Bc8b7
6.d3 Bf8d6
7.O-O c5
8.c4 Nb8c6
9.Bc1g5 f6
10.Bg5h4 g5
11.Bh4g3 h4
12.Bg3xd6 e5
13.Bd6xc5 d6
14.Bc5e3 g4
15.Nf3d2 Nc6b4
16.Nb1c3 Nb4xd3
17.Qd1xg4 Qd8d7
18.Qg4e2 Nd3f4
19.Qe2f3 h3
20.g3 Nf4h5
21.cxb5 axb5
22.a4 b4
23.Nc3d5 Bb7xd5
24.exd5 Ng8e7
25.Nd2e4 Kf7
26.g4 Rh8g8
27.g5 Rg8h8
28.Kh1 Ra8f8
29.Bb3c4 Ne7f5
30.Qf3xh3 Nf5g3
31.Kg2 Qd7xh3
32.Kxh3 Ng3xe4
33.Kg2 Rf8c8
34.Bc4d3 Ne4xg5
35.Kh1 Nh5f4
36.Bd3f5 Rc8g8
37.Rf1g1 Rh8h5
{ resign }
0-1

[Event "Match"]
[Site "www.echecsemail.com"]
[Date "2015.11.29"]
[Round "1"]
[White "Nimzo"]
[Black "Pgcbies"]
[WhiteElo "2800"]
[BlackElo "2670"]
[Result "1/2-1/2"]
[Round "1"]
1.d4 Ng8f6
2.c4 e6
3.g3 d5
4.Ng1f3 dxc4
5.Bf1g2 a6
6.O-O Nb8c6
7.e3 Bc8d7
8.Qd1e2 Bf8d6
9.Qe2xc4 O-O
10.Nb1c3 Ra8b8
11.a3 e5
12.b4 h6
13.Bc1b2 b5
14.Qc4d3 exd4
15.exd4 a5
16.d5 axb4
17.dxc6 bxc3
18.Qd3xc3 Bd7g4
19.h3 Bg4f5
20.Nf3h4 Bf5h7
21.Qc3f3 Bh7e4
22.Qf3e3 Be4h7
23.Qe3f3 Bh7e4
{ draw }
1/2-1/2

[Event "1/4 Finale"]
[Site "www.chess-mail.com"]
[Date "2015.11.29"]
[Round "1"]
[White "Dorulristea"]
[Black "Conde7"]
[WhiteElo "2780"]
[BlackElo "2880"]
[Result "0-1"]
[Round "1"]
1.d4 Ng8f6
2.c4 e6
3.Ng1f3 Bf8b4
4.Bc1d2 Bb4xd2
5.Qd1xd2 b6
6.g3 Bc8a6
7.b3 d5
8.Bf1g2 O-O
9.O-O Nb8d7
10.Nf3e5 Ba6b7
11.Nb1c3 Qd8e7
12.Rf1d1 Ra8d8
13.Qd2f4 Nf6h5
14.Qf4e3 Nh5f6
15.Ra1c1 c6
16.cxd5 exd5
17.Ne5c4 Rf8e8
18.Qe3xe7 Re8xe7
19.Nc4b2 Nf6e8
20.b4 Nd7f6
21.a4 Ne8d6
22.Rc1c2 Bb7c8
23.Nb2d3 Bc8f5
24.Rc2c1 Nd6c4
25.b5 Bf5xd3
26.Rd1xd3 cxb5
27.axb5 Nc4d6
28.Rd3d1 Re7c7
 { time }
0-1

[Event "Eq:Equipo Juan Diaz-Clubul Central de Sah : "]
[Site "www.chess-mail.com"]
[Date "2015.11.29"]
[Round "1"]
[White "Naujzaid"]
[Black "Pispindroi"]
[WhiteElo "1900"]
[BlackElo "2620"]
[Result "1-0"]
[Round "1"]
1.d4 Ng8f6
2.c4 g6
3.Nb1c3 d5
4.cxd5 Nf6xd5
5.e4 Nd5xc3
6.bxc3 Bf8g7
7.Bf1c4 c5
8.Ng1e2 O-O
9.O-O Nb8c6
10.Bc1e3 Nc6a5
11.Bc4d3 b6
12.Qd1d2  { time }
1-0

[Event "Eq:Equipo Juan Diaz-Clubul Central de Sah : "]
[Site "www.chess-mail.com"]
[Date "2015.11.29"]
[Round "1"]
[White "Pispindroi"]
[Black "Naujzaid"]
[WhiteElo "2620"]
[BlackElo "1900"]
[Result "0-1"]
[Round "1"]
1.d4 d5
2.c4 e6
3.Nb1c3 Bf8e7
4.Bc1f4 Ng8f6
5.Ng1f3 O-O
6.e3 c5
7.dxc5 Be7xc5
8.Qd1c2 Nb8c6
9.a3 a5
10.Ra1d1 d4
 { time }
0-1

[Event "Fast Game"]
[Site "www.echecsemail.com"]
[Date "2015.11.29"]
[Round "1"]
[White "Cal"]
[Black "Chesspower"]
[WhiteElo "1599"]
[BlackElo "1570"]
[Result "1-0"]
[Round "1"]
1.d4 d5
2.Nb1c3 Ng8f6
3.h3 c6
4.a3 Bc8f5
5.g4 Bf5g6
6.Bc1f4 e6
7.Bf1g2 h6
8.b4 Bf8e7
9.Ng1f3 Nf6e4
10.Nc3xe4 Bg6xe4
11.O-O Be4xf3
{ time. }
1-0

[Event "Tourn. n8463"]
[Site "www.chess-mail.com"]
[Date "2015.11.30"]
[Round "1"]
[White "Guidom"]
[Black "Huw"]
[WhiteElo "2090"]
[BlackElo "2120"]
[Result "0-1"]
[Round "1"]
1.e4 e5
2.Ng1f3 Nb8c6
3.Bf1b5 a6
4.Bb5a4 Ng8f6
5.O-O Bf8e7
6.d3 d6
7.c4 O-O
8.Nb1c3 Bc8g4
9.Bc1e3 Nf6h5
10.h3 Bg4d7
11.Nc3d5 Rf8e8
12.Nf3xe5 Nc6xe5
13.Ba4xd7 Qd8xd7
14.Qd1xh5 Ne5xd3
15.b3 b5
16.Be3d4 bxc4
17.bxc4 Ra8b8
18.f4 c6
19.Nd5e3 Qd7e6
20.e5 dxe5
21.fxe5 Rb8b2
22.Bd4xb2 Be7c5
23.Rf1f3 Nd3xb2
24.Kh1 Bc5xe3
25.Rf3xe3 Nb2xc4
26.Re3e4 Nc4xe5
27.Ra1e1 f6
28.Qh5e2 c5
29.Re1b1 c4
30.Qe2e3 Re8c8
31.Rb1b6 Qe6f5
32.Rb6xa6 c3
33.Qe3e1 c2
34.Re4xe5 fxe5
35.Qe1c1 Qf5f4
{ resign }
0-1

[Event "Tourn. n8430"]
[Site "www.chess-mail.com"]
[Date "2015.11.30"]
[Round "1"]
[White "Osopanda"]
[Black "Lino"]
[WhiteElo "1850"]
[BlackElo "2069"]
[Result "0-1"]
[Round "1"]
1.c4 e5
2.Nb1c3 Ng8f6
3.g3 Bf8b4
4.Bf1g2 O-O
5.Nc3d5 Nf6xd5
6.cxd5 c6
7.a3 Bb4e7
8.Ng1f3 d6
9.e4 cxd5
10.exd5 Bc8f5
11.O-O Bf5d3
12.Qd1b3 Bd3xf1
13.Bg2xf1 Nb8d7
14.d3 Qd8b6
15.Qb3c4 Ra8c8
16.Qc4g4 Nd7f6
17.Qg4a4 Nf6xd5
18.d4 e4
19.Nf3g5 Rc8xc1
20.Ra1xc1 Be7xg5
21.Rc1c2 e3
22.fxe3 Nd5xe3
23.Rc2e2 Ne3f5
24.Re2e4 Nf5xd4
25.Qa4xd4 Qb6xd4
{ resign }
0-1

[Event "Tourn. n8428"]
[Site "www.chess-mail.com"]
[Date "2015.11.30"]
[Round "1"]
[White "Jjmcbride"]
[Black "Ditto"]
[WhiteElo "1740"]
[BlackElo "1860"]
[Result "0-1"]
[Round "1"]
1.e4 e5
2.Ng1f3 Nb8c6
3.d4 exd4
4.Nf3xd4 Nc6e5
5.f4 Ne5c6
6.Nd4xc6 bxc6
7.h4 Bf8c5
8.e5 Ng8e7
9.e6 O-O
10.Qd1d2 Ne7f5
11.Qd2d3 dxe6
12.Qd3c3 Bc5b6
13.g4 Nf5d4
14.a4 c5
15.Bf1g2 Ra8b8
16.b3 a5
17.Nb1d2 Bc8a6
18.Bc1b2 Qd8d6
19.Bg2f1 { time. }
0-1

[Event "Tourn. n8446"]
[Site "www.chess-mail.com"]
[Date "2015.11.30"]
[Round "1"]
[White "Luban"]
[Black "Wwgia"]
[WhiteElo "2160"]
[BlackElo "2200"]
[Result "0-1"]
[Round "1"]
1.d4 Ng8f6
2.c4 c5
3.e3 e6
4.Nb1c3 d5
5.Ng1f3 Nb8c6
6.a3 cxd4
7.exd4 Bf8e7
8.h3 O-O
9.Bc1e3 b6
10.Bf1d3 dxc4
11.Bd3xc4 Bc8b7
12.O-O Ra8c8
13.Bc4e2 Nc6a5
14.Ra1c1 Na5c4
15.Be2xc4 Rc8xc4
16.Nf3e5 Rc4c8
17.Qd1e2 Nf6d5
18.Nc3xd5 Qd8xd5
19.Qe2f3 Qd5xf3
20.Ne5xf3 Bb7xf3
21.gxf3 Rf8d8
22.Kg2 g6
23.Rc1xc8 Rd8xc8
24.Rf1c1 Rc8xc1
25.Be3xc1 Kf8
26.f4 Ke8
27.Kf3 Kd7
28.Bc1d2 Kc6
29.Bd2c3 Kd5
30.Ke3 Kc4
31.f3 Be7xa3
{ resign }
0-1

[Event "Tourn. n8450"]
[Site "www.chess-mail.com"]
[Date "2015.11.30"]
[Round "1"]
[White "Tartan"]
[Black "Sonivano"]
[WhiteElo "2420"]
[BlackElo "2310"]
[Result "1-0"]
[Round "1"]
1.d4 Ng8f6
2.c4 e6
3.Nb1c3 Bf8b4
4.Qd1c2 c5
5.dxc5 Bb4xc5
6.Ng1f3 Nb8c6
7.Bc1g5 O-O
8.e3 Rf8e8
9.a3 a5
10.Bf1d3 h6
11.Bg5xf6 Qd8xf6
12.Nc3e4 Qf6e7
13.Ne4xc5 Qe7xc5
14.O-O b6
15.Rf1d1 Bc8b7
16.Bd3h7 { resign }
1-0

[Event "Tourn. n8470"]
[Site "www.chess-mail.com"]
[Date "2015.11.30"]
[Round "1"]
[White "Gatrooper"]
[Black "Osmundw"]
[WhiteElo "1530"]
[BlackElo "1559"]
[Result "1-0"]
[Round "1"]
1.e4 c6
2.d4 d5
3.e5 Qd8b6
4.Nb1c3 Nb8d7
5.Bc1e3 c5
6.Nc3xd5 Qb6a5
7.Be3d2 Qa5a4
8.Nd5c7 Kd8
9.Nc7xa8 cxd4
10.Ng1f3 Nd7b6
11.Na8xb6 axb6
12.Bd2c3 Bc8f5
13.Qd1xd4 Qa4d7
14.Qd4xb6 Ke8
15.Bf1b5 Ng8f6
16.Bb5xd7 Kxd7
17.Ra1d1 Kc8
18.Qb6d8 { resign }
1-0

[Event "Tourn. n8389"]
[Site "www.chess-mail.com"]
[Date "2015.11.30"]
[Round "1"]
[White "Snebur56"]
[Black "Terrible"]
[WhiteElo "2510"]
[BlackElo "2310"]
[Result "1-0"]
[Round "1"]
1.e4 e5
2.Ng1f3 Nb8c6
3.Bf1b5 Nc6d4
4.Nf3xd4 exd4
5.d3 c6
6.Bb5c4 d6
7.O-O Bc8e6
8.Bc4xe6 fxe6
9.f4 Ng8f6
10.Nb1d2 Bf8e7
11.e5 dxe5
12.fxe5 Nf6d5
13.Nd2e4 Rh8f8
14.Qd1h5 Kd7
15.Rf1f7 Rf8xf7
16.Qh5xf7 b6
17.Qf7xg7 Qd8g8
18.Bc1h6 Qg8xg7
19.Bh6xg7 Ra8g8
20.Ne4f6 Be7xf6
21.exf6 Ke8
22.f7 Kxf7
23.Bg7xd4 Ke7
24.Bd4f2 Nd5f4
25.g3 Nf4d5
26.a3 Kd6
27.Ra1e1 e5
28.d4 Rg8e8
29.g4 c5
30.dxe5 Ke6
31.Bf2g3 Re8g8
32.h3 h5
33.c4 Nd5e7
34.Re1e4 Ne7c6
35.Kf2 Rg8g5
36.Ke3 Nc6d8
37.Bg3h4 Rg5g8
38.gxh5 Nd8f7
39.Re4g4 Rg8h8
40.Rg4g6 { resign }
1-0

[Event "Tourn. n8461"]
[Site "www.chess-mail.com"]
[Date "2015.11.30"]
[Round "1"]
[White "Caspito"]
[Black "Iko"]
[WhiteElo "1780"]
[BlackElo "1710"]
[Result "1-0"]
[Round "1"]
1.e4 e5
2.Ng1f3 d6
3.d4 exd4
4.Nf3xd4 Nb8c6
5.Bf1b5 Qd8e7
6.Nb1c3 a6
7.Bb5xc6 bxc6
8.Nd4xc6 Qe7d7
9.Nc6d4 Bc8b7
10.O-O O-O-O
11.Bc1e3 Ng8f6
12.Qd1d3 Rd8e8
13.Nd4f3 Nf6xe4
14.Nc3xe4 Bb7xe4
15.Qd3xa6 Kd8
16.Nf3d4 Re8e5
17.f3 Be4d5
18.Rf1e1 f6
19.c4 Bd5c6
20.Nd4xc6 Ke8
21.Nc6xe5 fxe5
22.Qa6a8 Ke7
23.Ra1d1 g6
24.Be3g5 Ke6
25.Qa8d5 Kf5
26.Re1xe5 dxe5
27.Qd5xd7 Kxg5
28.Qd7d8 Kh6
29.Kf1 Bf8g7
30.Qd8h4 
1-0

[Event "Tourn. n8455"]
[Site "www.chess-mail.com"]
[Date "2015.11.30"]
[Round "1"]
[White "Roque1"]
[Black "Jjmcbride"]
[WhiteElo "1520"]
[BlackElo "1680"]
[Result "1-0"]
[Round "1"]
1.e4 e5
2.Ng1f3 Bf8d6
3.d4 f6
4.d5 c6
5.c4 f5
6.Bf1d3 f4
7.Nb1c3 g5
8.O-O g4
9.Nf3e1 h5
10.Nc3e2 h4
11.Ne2xf4 Qd8g5
12.Nf4h3 Qg5g6
13.Nh3g5 Ng8f6
14.f4 Bd6c5
15.Kh1 d6
16.f5 Qg6g7
17.a3 cxd5
18.cxd5  { time }
1-0

[Event "Tourn. n8454"]
[Site "www.chess-mail.com"]
[Date "2015.11.30"]
[Round "1"]
[White "Wwgia"]
[Black "Cathar"]
[WhiteElo "2200"]
[BlackElo "2290"]
[Result "0-1"]
[Round "1"]
1.d4 Ng8f6
2.c4 e6
3.Ng1f3 b6
4.a3 Bc8b7
5.Nb1c3 g6
6.g3 Bf8g7
7.Bf1g2 Nf6e4
8.Bc1d2 O-O
9.Nc3xe4 Bb7xe4
10.O-O c5
11.Bd2c3 Nb8c6
12.e3 Qd8c7
13.b4 Qc7b7
14.b5 Nc6e7
15.Ra1c1 d6
16.dxc5 dxc5
17.Bc3xg7 Kxg7
18.Nf3e1 Be4xg2
19.Ne1xg2 Ra8d8
20.Qd1c2 Rd8d7
21.Rf1d1 Rf8d8
22.Ng2f4 Qb7f3
23.Qc2e2 Rd7xd1
{ resign }
0-1